00582am a2200193a 4450000500170000000800410001704100140005808200160007210000350008824500660012326000360018930000190022565000120024465000290025665000220028565000220030765000310032965000280036020190920160737.0150306b xxu||||| |||| 00| 0 spa d aEspañol a1.10.3 J61t aJiménez Bulla, Luis Hernando aTurismo: tendencias globales y planificación estratégica  aColombiabEcoe ediciones c2013 a216 páginas  aTURISMO aDISTRIBUCION DEL TURISMO aSISTEMA TURISTICO aMERCADO TURISTICO aSOSTENIBILIDAD DEL TURISMO aPLANIFICACION TURISTICA